[Event "CHN-ch U20 Girls"]
[Site "Shanghai"]
[Date "2024.02.20"]
[Round "10"]
[White "Xu, Jiangwanning"]
[Black "Li, Yingxuan"]
[Result "0-1"]
[WhiteElo "1225"]
[BlackElo "1581"]
[PlyCount "50"]
[EventDate "2024.02.16"]
[EventType "swiss"]
[EventRounds "11"]
[EventCountry "CHN"]
[SourceTitle "CB09_2024"]
[SourceDate "2024.02.28"]
[SourceVersion "1"]
[SourceVersionDate "2024.02.28"]
[SourceQuality "1"]

1. d4 Nf6 2. Bf4 g6 3. e3 Bg7 4. Nf3 d6 5. h3 0-0 6. Be2 c5 7. c3 b6 8. 0-0 Bb7 9. Nbd2 Nbd7 10. Qc2 a6 11. e4 Rc8 12. d5 b5 13. b3 b4 14. Rac1 Nh5 15. Be3 Bxc3 16. g4 Ng7 17. Nb1 Bf6 18. Bh6 e6 19. g5 Be7 20. dxe6 fxe6 21. Qb2 Rf7 22. Nbd2 d5 23. Ne5 Nxe5 24. Qxe5 Bd6 25. Qb2 Bf4 0-1

[Event "CHN-ch U16 Girls"]
[Site "Shenzhen"]
[Date "2023.08.01"]
[Round "10"]
[White "Li, Yingxuan"]
[Black "Zhou, Shumeng"]
[Result "0-1"]
[WhiteElo "1573"]
[BlackElo "1484"]
[PlyCount "56"]
[EventDate "2023.07.28"]
[EventType "swiss"]
[EventRounds "11"]
[EventCountry "CHN"]
[SourceTitle "CBM 215 Extra"]
[Source "ChessBase"]
[SourceDate "2023.09.30"]
[SourceVersion "1"]
[SourceVersionDate "2023.09.30"]
[SourceQuality "1"]

1. d4 d5 2. Bf4 c5 3. e3 Nf6 4. c3 Nc6 5. Nd2 cxd4 6. exd4 Bf5 7. Ngf3 e6 8. Qb3 Qd7 9. Ne5 Qc8 10. Bb5 a6 11. Bxc6+ bxc6 12. Qa4 Bd6 13. Ndf3 Ng4 14. Nxg4 Bxf4 15. Nge5 0-0 16. b3 f6 17. Nxc6 Qd7 18. c4 Rfc8 19. cxd5 exd5 20. Nb4 Qe6+ 21. Kf1 a5 22. Nxd5 Qxd5 23. Rd1 Bg4 24. Re1 Bxf3 25. gxf3 Bd2 26. Re4 f5 27. Ke2 fxe4 28. Kxd2 Qg5+ 0-1

[Event "CHN-ch U16 Girls"]
[Site "Shenzhen"]
[Date "2023.07.31"]
[Round "8"]
[White "Li, Yingxuan"]
[Black "Wang, Xiyue"]
[Result "0-1"]
[WhiteElo "1573"]
[BlackElo "1599"]
[PlyCount "84"]
[EventDate "2023.07.28"]
[EventType "swiss"]
[EventRounds "11"]
[EventCountry "CHN"]
[SourceTitle "CBM 215 Extra"]
[Source "ChessBase"]
[SourceDate "2023.09.30"]
[SourceVersion "1"]
[SourceVersionDate "2023.09.30"]
[SourceQuality "1"]

1. d4 Nf6 2. Bf4 e6 3. e3 b6 4. Nf3 Bb7 5. Bd3 c5 6. c3 Nh5 7. Bg5 Be7 8. Bxe7 Qxe7 9. Nbd2 0-0 10. 0-0 d6 11. a4 Nd7 12. Nc4 Nhf6 13. Re1 Rac8 14. Ncd2 d5 15. e4 dxe4 16. Nxe4 Nxe4 17. Bxe4 Bxe4 18. Rxe4 Nf6 19. Re1 Rfd8 20. Qe2 c4 21. Ne5 Qc7 22. Qf3 Nd5 23. g3 f6 24. Ng4 Qf7 25. Ne3 Re8 26. Nc2 a6 27. Re4 f5 28. Re5 Nf6 29. Nb4 a5 30. Nc2 Ne4 31. Qe2 Qd7 32. Qd1 Rcd8 33. Na3 Qc6 34. f3 Ng5 35. Re3 f4 36. gxf4 Nh3+ 37. Kf1 Nxf4 38. Nb1 e5 39. Re4 Qh6 40. Qc2 Qh3+ 41. Kg1 Re6 42. Re2 Rg6+ 0-1

[Event "CHN-ch U16 Girls"]
[Site "Shenzhen"]
[Date "2023.07.30"]
[Round "6"]
[White "Li, Yingxuan"]
[Black "Yu, Yaochen"]
[Result "1/2-1/2"]
[WhiteElo "1573"]
[BlackElo "1791"]
[PlyCount "58"]
[EventDate "2023.07.28"]
[EventType "swiss"]
[EventRounds "11"]
[EventCountry "CHN"]
[SourceTitle "CBM 215 Extra"]
[Source "ChessBase"]
[SourceDate "2023.09.30"]
[SourceVersion "1"]
[SourceVersionDate "2023.09.30"]
[SourceQuality "1"]

1. d4 d5 2. Bf4 Nf6 3. e3 c5 4. c3 Nc6 5. Nd2 e6 6. Ngf3 Nh5 7. Bg5 f6 8. Bh4 g6 9. Be2 Ng7 10. Bg3 cxd4 11. exd4 Nf5 12. Qc2 Bg7 13. 0-0 0-0 14. Nb3 h5 15. Bf4 e5 16. dxe5 fxe5 17. Bg5 Bf6 18. Qd2 e4 19. Bxf6 Rxf6 20. Nfd4 Qe7 21. Rad1 Nfxd4 22. Nxd4 Nxd4 23. Qxd4 Rf5 24. Qe3 b6 25. Bb5 Bb7 26. Ba4 Raf8 27. Rd2 Kh7 28. Bb3 Qc5 29. Rd4 Ba6 1/2-1/2

[Event "CHN-ch U16 Girls"]
[Site "Shenzhen"]
[Date "2023.07.29"]
[Round "3"]
[White "Ning, Duan"]
[Black "Li, Yingxuan"]
[Result "0-1"]
[WhiteElo "1432"]
[BlackElo "1573"]
[PlyCount "60"]
[EventDate "2023.07.28"]
[EventType "swiss"]
[EventRounds "11"]
[EventCountry "CHN"]
[SourceTitle "CBM 215 Extra"]
[Source "ChessBase"]
[SourceDate "2023.09.30"]
[SourceVersion "1"]
[SourceVersionDate "2023.09.30"]
[SourceQuality "1"]

1. d4 d5 2. Nf3 Nf6 3. Bf4 c5 4. e3 Nc6 5. Nbd2 Bf5 6. c3 e6 7. Bb5 Be7 8. Ne5 Qb6 9. c4 0-0 10. Bxc6 bxc6 11. g4 Bg6 12. g5 Ne4 13. Nd7 Qxb2 14. Nxf8 Rxf8 15. Qc1 Qb4 16. a3 Qa5 17. h4 dxc4 18. f3 Nxd2 19. Qxd2 c3 20. Qe2 cxd4 21. exd4 Rd8 22. Qc4 Qf5 23. Bg3 Qxf3 24. Rh3 Bd3 25. Qxd3 Qxd3 26. Rd1 Qe3+ 27. Kf1 c2 28. Re1 c1Q 29. Rxc1 Qxc1+ 30. Ke2 Rxd4 0-1

[Event "CHN-ch sf (Women)"]
[Site "Hefei"]
[Date "2023.04.27"]
[Round "9"]
[White "Zhang, Bohan1111"]
[Black "Li, Yingxuan"]
[Result "1-0"]
[WhiteElo "1309"]
[BlackElo "1627"]
[PlyCount "138"]
[EventDate "2023.04.23"]
[EventType "swiss"]
[EventRounds "11"]
[EventCountry "CHN"]
[SourceTitle "CBM 214 Extra"]
[Source "ChessBase"]
[SourceDate "2023.07.31"]
[SourceVersion "1"]
[SourceVersionDate "2023.07.31"]
[SourceQuality "1"]

1. d4 d5 2. c4 Bf5 3. Nc3 e6 4. Nf3 Nf6 5. cxd5 exd5 6. Bg5 c6 7. e3 h6 8. Bh4 Bd6 9. Bd3 Bxd3 10. Qxd3 0-0 11. 0-0 Nbd7 12. Bg3 Bxg3 13. hxg3 Re8 14. Nd2 Nb6 15. b4 a6 16. a4 Qe7 17. b5 axb5 18. axb5 Ra3 19. Rxa3 Qxa3 20. bxc6 bxc6 21. Qc2 Ra8 22. Ncb1 Qd6 23. Rc1 Rc8 24. Nb3 Ne4 25. Na5 Qf6 26. Nc3 Nd6 27. Na4 Nbc4 28. Nxc4 Nxc4 29. Nb2 Nd6 30. Qb3 Qf5 31. Qd3 Ne4 32. Qe2 Qf6 33. Nd3 Qe7 34. Kh2 Nd6 35. Nc5 Ra8 36. Rb1 Nb5 37. Qb2 Qa7 38. Nd3 Qd7 39. Ne5 Qb7 40. Nxc6 Qxc6 41. Qxb5 Qe6 42. Qe2 Qf5 43. Rb5 Qd7 44. Rc5 Rd8 45. Qf3 f5 46. Qf4 g5 47. Qe5 Qf7 48. Kg1 Kh7 49. Rc7 Rd7 50. Rc8 Kg6 51. Qh8 Rd6 52. Rg8+ Kh5 53. Rg7 Qe6 54. Qg8 Qxg8 55. Rxg8 Kg4 56. Rf8 Ra6 57. Kh2 Ra3 58. Rf6 Kh5 59. Rxf5 Ra2 60. f3 Ra3 61. e4 dxe4 62. fxe4 Re3 63. Re5 Kg4 64. d5 Rxg3 65. d6 Kh4 66. d7 Rd3 67. Rd5 Rh3+ 68. gxh3 h5 69. Rxg5 Kxg5 1-0

[Event "CHN-chB (Women)"]
[Site "Qiziwan"]
[Date "2023.02.04"]
[Round "11"]
[White "Li, Yingxuan"]
[Black "Zhi, Jingyi"]
[Result "1/2-1/2"]
[WhiteElo "1642"]
[BlackElo "1341"]
[PlyCount "128"]
[EventDate "2023.01.30"]
[EventType "swiss"]
[EventRounds "11"]
[EventCountry "CHN"]
[SourceTitle "CBM 212 Extra"]
[Source "ChessBase"]
[SourceDate "2023.03.31"]
[SourceVersion "1"]
[SourceVersionDate "2023.03.31"]
[SourceQuality "1"]

1. d4 d5 2. Bf4 Nf6 3. e3 Bf5 4. c4 e6 5. Nc3 Bd6 6. Bg5 c6 7. Qb3 b6 8. cxd5 exd5 9. Nf3 Be7 10. Rc1 0-0 11. Be2 Bc8 12. 0-0 Bb7 13. Rfd1 Nbd7 14. h3 Re8 15. Bf4 c5 16. Nb5 Rf8 17. dxc5 Nxc5 18. Qc2 a6 19. Nc3 Rc8 20. Nd4 b5 21. a3 Ne6 22. Bh2 Nxd4 23. Rxd4 Bc5 24. Rd2 Qb6 25. Bf3 Rfd8 26. Rcd1 b4 27. Na4 Qa7 28. Nxc5 Rxc5 29. Qb3 bxa3 30. Qxa3 Rdc8 31. Be5 Rc1 32. Bxf6 gxf6 33. Bxd5 Rxd1+ 34. Rxd1 Bxd5 35. Rxd5 Rc1+ 36. Kh2 Qb8+ 37. Qd6 Qxd6+ 38. Rxd6 a5 39. Rxf6 Rc2 40. Ra6 Rxf2 41. Rxa5 Rxb2 42. Rg5+ Kf8 43. Kg3 f6 44. Ra5 Kf7 45. Kf3 Kg6 46. h4 h5 47. Ra6 Rb4 48. e4 Rb3+ 49. Kf4 Rb4 50. Ra8 Kg7 51. Re8 Rb2 52. g3 Rb4 53. Ra8 Kg6 54. Rg8+ Kh7 55. Rc8 Kg6 56. Rc5 Ra4 57. Rd5 Rb4 58. Ke3 Rb3+ 59. Rd3 Rb4 60. Rd4 Rb3+ 61. Kf4 Ra3 62. Rb4 Rc3 63. Ra4 Rc1 64. Ra2 Rc4 1/2-1/2

[Event "Belt and Road Hunan op-C"]
[Site "Changsha"]
[Date "2019.08.01"]
[Round "6"]
[White "Lu, Di"]
[Black "Li, Yingxuan"]
[Result "0-1"]
[WhiteElo "1552"]
[BlackElo "1467"]
[PlyCount "134"]
[EventDate "2019.07.29"]
[EventType "swiss"]
[EventRounds "9"]
[EventCountry "CHN"]
[SourceTitle "EXT 2020"]
[Source "ChessBase"]
[SourceDate "2019.10.17"]
[SourceVersion "1"]
[SourceVersionDate "2019.10.17"]
[SourceQuality "1"]

1. e4 c6 2. d4 d5 3. exd5 cxd5 4. Bd3 Nc6 5. c3 Qc7 6. Be3 Nf6 7. h3 e5 8. dxe5 Nxe5 9. Nf3 Nxd3+ 10. Qxd3 Be7 11. Nbd2 Bd7 12. 0-0 0-0 13. Nb3 Rfe8 14. Rfd1 Qc4 15. Qc2 Qe4 16. Qd2 Bxh3 17. Qd4 Bg4 18. Nbd2 Qxd4 19. Bxd4 Ne4 20. Re1 Bf6 21. Bxf6 Nxf6 22. Nd4 Bd7 23. f3 h5 24. Kf2 Nh7 25. Rh1 g6 26. Nf1 Nf8 27. Ne3 Bc6 28. Rad1 Ne6 29. Ne2 Rad8 30. g4 hxg4 31. Nxg4 Kg7 32. Ne3 Ng5 33. Nd4 Ne6 34. Ne2 Rd7 35. Rdg1 Rh8 36. Rxh8 Kxh8 37. Ng4 Kg7 38. Ne5 Re7 39. Nd4 Nxd4 40. cxd4 Be8 41. Rc1 f6 42. Nd3 Bb5 43. Nf4 Bc6 44. Rc5 Rd7 45. b3 g5 46. Nd3 Rd6 47. a4 b6 48. Rc1 a5 49. Rg1 Kf7 50. Rh1 Ke6 51. Rh8 Bd7 52. Rb8 Rc6 53. Ke3 Kd6 54. Rf8 Ke7 55. Rb8 Rc3 56. Kd2 Rxb3 57. Rb7 Kd8 58. Nc5 Bc8 59. Nxb3 Bxb7 60. Ke3 Bc6 61. f4 Bxa4 62. Nd2 gxf4+ 63. Kxf4 Bc2 64. Nf1 a4 65. Ne3 Be4 66. Nd1 a3 67. Nc3 b5 0-1

[Event "CHN-chB (Women)"]
[Site "Hangzhou"]
[Date "2019.07.06"]
[Round "9"]
[White "Zhang, Xiao"]
[Black "Li, Yingxuan"]
[Result "1-0"]
[WhiteElo "2259"]
[BlackElo "1467"]
[PlyCount "101"]
[EventDate "2019.07.02"]
[EventType "swiss"]
[EventRounds "11"]
[EventCountry "CHN"]
[SourceTitle "CBM 191 Extra"]
[Source "ChessBase"]
[SourceDate "2019.09.30"]
[SourceVersion "1"]
[SourceVersionDate "2019.09.30"]
[SourceQuality "1"]

1. d4 Nf6 2. c4 e6 3. g3 Bb4+ 4. Nd2 0-0 5. Bg2 d6 6. Ngf3 Bxd2+ 7. Bxd2 Ne4 8. 0-0 Nxd2 9. Qxd2 Nd7 10. Rfd1 Qe7 11. Qc3 Re8 12. e4 e5 13. d5 a5 14. Nd2 Nc5 15. b3 c6 16. a3 Qc7 17. b4 Nd7 18. dxc6 bxc6 19. Nf1 Nf8 20. Qd2 Ne6 21. b5 Nd4 22. Rab1 Be6 23. Ne3 a4 24. b6 Qb7 25. Nc2 Nb3 26. Qxd6 Qxb6 27. Ne3 h6 28. Nd5 Bxd5 29. exd5 e4 30. Qxc6 Qxc6 31. dxc6 Rac8 32. Bh3 Rxc6 33. Bd7 Rec8 34. Bxc6 Rxc6 35. Rd8+ Kh7 36. Ra8 Rxc4 37. Rd1 h5 38. Rd7 Rc1+ 39. Kg2 Ra1 40. Rxf7 Rxa3 41. Raa7 Kh6 42. Rxg7 Ra2 43. Rge7 Kg5 44. Ra6 Kf5 45. Rae6 a3 46. Rxe4 Rb2 47. R7e6 Rxf2+ 48. Kxf2 a2 49. R4e5+ Kg4 50. Rg6+ Kh3 51. Rxh5# 1-0

[Event "CHN-chB (Women)"]
[Site "Hangzhou"]
[Date "2019.07.05"]
[Round "7"]
[White "Li, Yingxuan"]
[Black "Chen, Yining"]
[Result "1-0"]
[WhiteElo "1467"]
[BlackElo "1672"]
[PlyCount "199"]
[EventDate "2019.07.02"]
[EventType "swiss"]
[EventRounds "11"]
[EventCountry "CHN"]
[SourceTitle "CBM 191 Extra"]
[Source "ChessBase"]
[SourceDate "2019.09.30"]
[SourceVersion "1"]
[SourceVersionDate "2019.09.30"]
[SourceQuality "1"]

1. d4 Nf6 2. Bf4 g6 3. Nf3 Bg7 4. e3 d6 5. h3 0-0 6. Be2 Nbd7 7. 0-0 c5 8. c3 b6 9. Nbd2 Bb7 10. a4 Re8 11. Bh2 Qc8 12. Re1 d5 13. Ne5 Nxe5 14. Bxe5 Nd7 15. Bh2 e5 16. Nf3 e4 17. Nd2 Ba6 18. Bb5 Bb7 19. Bf1 a5 20. Nb1 c4 21. Na3 Ba6 22. b3 Bf8 23. Nb5 Bxb5 24. axb5 cxb3 25. Qxb3 Qb7 26. c4 Rad8 27. Rec1 dxc4 28. Bxc4 Nf6 29. Be5 Nd5 30. Be2 Bd6 31. Bxd6 Rxd6 32. Rc4 Nb4 33. Rac1 Re7 34. R4c3 Qd5 35. Bc4 Qb7 36. Be2 Qd5 37. Bc4 Qb7 38. Be2 Qd5 39. Qxd5 Nxd5 40. Rc6 Red7 41. Bc4 Nb4 42. Rxd6 Rxd6 43. Bb3 Rd7 44. f3 Re7 45. Rc3 Kg7 46. fxe4 Rxe4 47. Kf2 Re7 48. Kf3 f5 49. Rc8 a4 50. Bxa4 Nd5 51. Rd8 Nc3 52. Bb3 Nxb5 53. Rb8 Nc3 54. Rxb6 Ne4 55. Bd5 Nc3 56. Bc6 Re6 57. Rb7+ Kf6 58. d5 Rd6 59. Rxh7 Nxd5 60. Bb7 Nb4 61. Rc7 Nd3 62. Ke2 Ne5 63. Rc2 Rb6 64. Bd5 Rd6 65. Bb3 Rb6 66. Bd5 Rd6 67. Bf3 Nxf3 68. Kxf3 Ra6 69. Rb2 Rc6 70. Ra2 Rb6 71. Ra8 Rc6 72. Rf8+ Kg7 73. Rd8 Kf6 74. Rd4 Ra6 75. Rb4 Rc6 76. h4 g5 77. h5 Kg7 78. g4 fxg4+ 79. Kxg4 Rc5 80. Rb7+ Kh6 81. Rb6+ Kh7 82. Re6 Rc1 83. Kxg5 Rg1+ 84. Kf6 Kh6 85. Re5 Rf1+ 86. Ke7 Ra1 87. e4 Re1 88. Ke6 Ra1 89. Kf6 Ra6+ 90. Kf7 Ra7+ 91. Ke6 Ra6+ 92. Kd5 Ra5+ 93. Kd4 Ra4+ 94. Ke3 Ra3+ 95. Kf4 Rb3 96. Rf5 Rb4 97. Rd5 Rb1 98. Rf5 Rb4 99. Ke5 Rb5+ 100. Kd6 1-0

[Event "Wch U12 Girls"]
[Site "Weifang"]
[Date "2019.??.??"]
[Round "6"]
[White "Li, Yingxuan"]
[Black "Shvedova, Alexandra"]
[Result "0-1"]
[WhiteElo "1599"]
[BlackElo "1932"]
[PlyCount "54"]
[EventDate "2019.08.21"]
[EventType "swiss"]
[EventRounds "11"]
[EventCountry "CHN"]
[SourceTitle "EXT 2020"]
[Source "ChessBase"]
[SourceDate "2019.10.17"]
[SourceVersion "1"]
[SourceVersionDate "2019.10.17"]
[SourceQuality "1"]

1. d4 d5 2. c4 e6 3. Nc3 Nf6 4. cxd5 exd5 5. Bg5 c6 6. e3 Be7 7. Qc2 Bg4 8. h3 Bh5 9. f4 h6 10. Bxf6 Bxf6 11. Bd3 0-0 12. g4 Bg6 13. Bxg6 fxg6 14. Qxg6 Qe7 15. Kd2 Re8 16. Qd3 Na6 17. a3 Rad8 18. Nf3 c5 19. Ne5 Nc7 20. Ne2 Ne6 21. Raf1 Bxe5 22. fxe5 Ng5 23. Ng3 Rf8 24. Rf5 c4 25. Qc2 b5 26. Qc3 g6 27. Rf4 Ne6 0-1

[Event "Wch U12 Girls"]
[Site "Weifang"]
[Date "2019.??.??"]
[Round "?"]
[White "Manko, Mariya"]
[Black "Li, Yingxuan"]
[Result "0-1"]
[WhiteElo "1895"]
[BlackElo "1599"]
[PlyCount "116"]
[EventDate "2019.08.21"]
[EventType "swiss"]
[EventRounds "11"]
[EventCountry "CHN"]
[SourceTitle "EXT 2020"]
[Source "ChessBase"]
[SourceDate "2019.10.17"]
[SourceVersion "1"]
[SourceVersionDate "2019.10.17"]
[SourceQuality "1"]

1. Nf3 Nf6 2. c4 e6 3. g3 d5 4. Bg2 dxc4 5. Qa4+ Nbd7 6. Qxc4 c5 7. 0-0 b6 8. Nd4 Ne5 9. Qc2 Rb8 10. Nc6 Nxc6 11. Bxc6+ Bd7 12. Bg2 Be7 13. d3 Nd5 14. a3 Bf6 15. Nc3 Bc6 16. Ne4 Be5 17. Rb1 Qd7 18. Bd2 0-0 19. Bc3 Nxc3 20. bxc3 g6 21. Rfc1 Rfd8 22. Qd2 Bg7 23. Qf4 f5 24. Nxc5 Qe8 25. Na6 Rbc8 26. Bxc6 Qxc6 27. Nb4 Qa4 28. d4 a5 29. Nd3 Qxa3 30. Qe3 Qd6 31. Rb5 Rc6 32. Rcb1 Qc7 33. Nf4 Rdd6 34. R1b3 Qd7 35. Qf3 Kf8 36. Nxe6+ Rxe6 37. d5 a4 38. Rb1 Rxc3 39. dxe6 Qxb5 40. Rxb5 Rxf3 41. exf3 a3 42. Rxb6 a2 43. Ra6 a1Q+ 44. Rxa1 Bxa1 45. g4 f4 46. Kf1 Ke7 47. Ke2 Kxe6 48. Kd3 Ke5 49. Kc4 Bd4 50. h4 h5 51. gxh5 gxh5 52. Kd3 Bxf2 53. Ke2 Bxh4 54. Kf1 Kd4 55. Ke2 Bg3 56. Kf1 Ke3 57. Kg2 Bh4 58. Kh3 Kxf3 0-1